LEADER 01500nam a2200301 i 4500 001 000000158479 003 CaOOAMICUS 005 20181219104855.0 008 070208s1983 it u000 u ita u 013 $a135842 040 $aSeMil$bita 100 1 $aBuridan, Jean .$0(OLS)http://semarc/name/35741 245 13$aIl cielo e il mondo :$bcommento al trattato "Del cielo" di Aristotele /$cGiovanni Buridano ; Introduzione, traduzione, sommari e note di Alessandro Ghisalberti. 260 $aMilano :$bRusconi,$c1983. 300 $a479 p. ;$c22 cm. 490 0 $aI classici del pensiero. Sez. 2, Medioevo e Rinascimento 500 $aContiene : Bibliografia. - Fondo Card. Giovanni Colombo. 650 4$aAristotele <384-322 a.C.> . De coelo.$0(OLS)http://semarc/subject/16980 700 1 $aGhisalberti, Alessandro,$d<1940- >.$0(OLS)http://semarc/name/19692 710 2 $aUniversità Cattolica del Sacro Cuore : Centro di ricerche di Metafisica.$0(OLS)http://semarc/name/73 830 2$aI classici del pensiero. Sez. 2, Medioevo e Rinascimento.$0(OLS)http://semarc/title/19380 850 $aSeMil 852 $aSeMil$W1$xVenegono$y1$m1O IV 117$j110130$B110130$CSeMilBibl$Z2$F119767 $81 941 1 $a3 961 $aLascito: Colombo Card. Giovanni 996 $6245$aIl cielo e il mondo :$bcommento al trattato "Del cielo" di Aristotele$9(OLS)http://semarc/title/116261 996 $6260$aMilano :$bRusconi$9(OLS)http://semarc/publisher/30258 LEADER 00919nam a2200229 i 4500 001 000000168853 003 CaOOAMICUS 005 20110111000000.0 008 110111s1955 it u000 u ita u 013 $a146255 040 $aSeMil$bita 240 13$aLe couple chretien.$0(OLS)http://semarc/title/241534 245 12$aL'amore e il matrimonio /$cscritti di Jacques Madaule ... [et al.]. 260 $aMilano :$bVita e Pensiero,$cstampa 1955. 300 $a207 p. ;$c20 cm. 650 4$aMatrimonio - Concezione cristiana.$0(OLS)http://semarc/subject/383 700 1 $aMadaule, Jacques.$0(OLS)http://semarc/name/9040 850 $aSeMil 852 $aSeMil$W1$xVenegono$y1$m2E I 483$j119860$B119860$CSeMilBibl$Z2$F158435 $81 961 $aLascito: Frontini don Carlo 996 $6245$aL'amore e il matrimonio$9(OLS)http://semarc/title/97706 996 $6260$aMilano :$bVita e Pensiero$9(OLS)http://semarc/publisher/29642